Nông dân Tiểu thyết T.1

Gồm bốn phần là “Thu”, “Đông”, “Xuân”, “Hạ” với tư tưởng: Những gì đang diễn ra cũng đã từng diễn ra và sẽ diễn ra mãi mãi. Hết thu đến đông, hết xuân đến hạ, cứ thế quay vòng. Song ở đây ông đã vẽ ra hết sức sinh đọ...

সম্পূর্ণ বিবরণ

সংরক্ষণ করুন:
গ্রন্থ-পঞ্জীর বিবরন
প্রধান লেখক: Reymont, Wladyslaw ST
অন্যান্য লেখক: Nguyễn, Văn Thái
বিন্যাস: গ্রন্থ
ভাষা:Undetermined
প্রকাশিত: H. Lao Động 2012
বিষয়গুলি:
অনলাইন ব্যবহার করুন:http://lrc.tdmu.edu.vn/opac/search/detail.asp?aID=2&ID=16939
ট্যাগগুলো: ট্যাগ যুক্ত করুন
কোনো ট্যাগ নেই, প্রথমজন হিসাবে ট্যাগ করুন!
Thư viện lưu trữ: Trung tâm Học liệu Trường Đại học Thủ Dầu Một
LEADER 01281nam a2200241Ia 4500
001 TDMU_16939
008 210410s9999 xx 000 0 und d
082 |a 891.8 
090 |b R207 
100 |a Reymont, Wladyslaw ST 
245 0 |a Nông dân 
245 0 |b Tiểu thyết 
245 0 |c Wladyslaw ST. Reymont ; Nguyễn Văn Thái dịch 
245 0 |n T.1 
260 |a H. 
260 |b Lao Động 
260 |c 2012 
300 |a 615tr. 
520 |a Gồm bốn phần là “Thu”, “Đông”, “Xuân”, “Hạ” với tư tưởng: Những gì đang diễn ra cũng đã từng diễn ra và sẽ diễn ra mãi mãi. Hết thu đến đông, hết xuân đến hạ, cứ thế quay vòng. Song ở đây ông đã vẽ ra hết sức sinh động bức tranh toàn cảnh nông thôn Ba Lan với mọi tập quán hủ tục trong cuộc sống thường ngày.. 
650 |a Tiểu thuyết Ba Lan; Văn học Ba Lan  |x Tiểu thuyết 
700 |a Nguyễn, Văn Thái 
856 |u http://lrc.tdmu.edu.vn/opac/search/detail.asp?aID=2&ID=16939 
980 |a Trung tâm Học liệu Trường Đại học Thủ Dầu Một